[Event "PAR-ch U18"]
[Site "Asuncion"]
[Date "2019.02.08"]
[Round "7"]
[White "Villalba Galeano, Ana Jesus"]
[Black "Roche Escobar, Mara"]
[Result "1-0"]
[WhiteElo "1222"]
[BlackElo "1130"]
[PlyCount "133"]
[EventDate "2019.02.04"]
[EventType "tourn"]
[EventRounds "9"]
[EventCountry "PAR"]
[SourceTitle "CBM 189 Extra"]
[Source "ChessBase"]
[SourceDate "2019.06.03"]
[SourceVersion "1"]
[SourceVersionDate "2019.06.03"]
[SourceQuality "1"]

1. e4 d5 2. exd5 Qxd5 3. Nc3 Qa5 4. d4 Nf6 5. Qe2 c6 6. Nf3 Bf5 7. Qd2 h6 8. Bd3 Bxd3 9. cxd3 e6 10. a3 Bd6 11. Ne4 Qxd2+ 12. Bxd2 Nxe4 13. dxe4 Nd7 14. e5 Be7 15. 0-0 0-0 16. Bb4 Bxb4 17. axb4 Nb6 18. Ne1 Nc4 19. Nd3 b6 20. Rac1 b5 21. Rfd1 Rfc8 22. g3 a5 23. b3 Nb6 24. bxa5 Rxa5 25. b4 Ra2 26. Ra1 Rca8 27. Rxa2 Rxa2 28. Rc1 Nc4 29. Kg2 Nb2 30. Rc2 Nxd3 31. Rxa2 Nxb4 32. Rb2 Nd3 33. Rb3 Ne1+ 34. Kf1 Nc2 35. Rd3 Nb4 36. Rc3 Kf8 37. Ke2 Ke7 38. Ra3 Kd7 39. Ra7+ Ke8 40. Ra8+ Ke7 41. g4 Nc2 42. Ra7+ Kd8 43. Kd3 Nb4+ 44. Ke4 Ke8 45. Ra8+ Ke7 46. Rg8 g5 47. Rh8 Nd5 48. Kd3 b4 49. Kc4 Kd7 50. Rxh6 Kc7 51. Rh7 Kb6 52. Rxf7 Ka5 53. Ra7+ Kb6 54. Ra1 Kc7 55. Rh1 Kb6 56. Ra1 Kc7 57. Kc5 b3 58. Rb1 b2 59. Rxb2 Nf4 60. Rd2 Nd5 61. Ra2 Kb7 62. Kd6 Nf4 63. Rb2+ Ka6 64. Kxc6 Ka5 65. d5 exd5 66. Rb5+ Ka4 67. Rxd5 1-0

[Event "PAR-ch U18"]
[Site "Asuncion"]
[Date "2019.02.06"]
[Round "5"]
[White "Benitez Galeano, Alejandro"]
[Black "Roche Escobar, Mara"]
[Result "1-0"]
[WhiteElo "1940"]
[BlackElo "1130"]
[PlyCount "65"]
[EventDate "2019.02.04"]
[EventType "tourn"]
[EventRounds "9"]
[EventCountry "PAR"]
[SourceTitle "CBM 189 Extra"]
[Source "ChessBase"]
[SourceDate "2019.06.03"]
[SourceVersion "1"]
[SourceVersionDate "2019.06.03"]
[SourceQuality "1"]

1. Nf3 Nf6 2. g3 d6 3. c4 g6 4. Bg2 Bg7 5. 0-0 Nbd7 6. Nc3 b6 7. Nd4 Ba6 8. Bxa8 Qxa8 9. d3 Bb7 10. e4 Nh5 11. Be3 e5 12. Nde2 Qd8 13. Qd2 a5 14. f3 Nc5 15. d4 Ne6 16. dxe5 dxe5 17. Qxd8+ Nxd8 18. c5 bxc5 19. Bxc5 Ne6 20. Bf2 0-0 21. Nd5 Kh8 22. Rac1 Rc8 23. Rfd1 Nf6 24. Nxf6 Bxf6 25. Nc3 Bg5 26. Rc2 Kg7 27. Na4 Rf8 28. Nc5 Nxc5 29. Rxc5 Rc8 30. Rxe5 Bf6 31. Rxa5 Bxb2 32. Rb5 Ba6 33. Rxb2 1-0

[Event "Asuncion Estandar op"]
[Site "Asuncion"]
[Date "2019.01.20"]
[Round "6"]
[White "Garcia, Alejandro1111"]
[Black "Roche Escobar, Mara"]
[Result "1-0"]
[WhiteElo "1263"]
[BlackElo "1155"]
[PlyCount "119"]
[EventDate "2019.01.18"]
[EventType "swiss"]
[EventRounds "7"]
[EventCountry "PAR"]
[SourceTitle "CBM 188 Extra"]
[Source "ChessBase"]
[SourceDate "2019.02.26"]
[SourceVersion "1"]
[SourceVersionDate "2019.02.26"]
[SourceQuality "1"]

1. d4 Nf6 2. Nf3 d6 3. c4 g6 4. g3 Nbd7 5. Nc3 Bg7 6. Bg2 b6 7. 0-0 0-0 8. Re1 Bb7 9. e4 e5 10. d5 a5 11. Be3 Nc5 12. Bd2 Nd3 13. Re3 Nc5 14. Re1 Nh5 15. Qc2 Bc8 16. h3 Bd7 17. a3 Qc8 18. Kh2 a4 19. Be3 Nb3 20. Rad1 Nd4 21. Qd2 Nxf3+ 22. Bxf3 Bxh3 23. Qe2 Nf6 24. Qc2 Ng4+ 25. Kg1 f5 26. Bg2 Nxe3 27. Rxe3 fxe4 28. Bxe4 Qg4 29. Bg2 Bh6 30. Ree1 Rf7 31. Ne4 Bxg2 32. Kxg2 Qf3+ 33. Kg1 Rf5 34. Qe2 Qxe2 35. Rxe2 Raf8 36. Nc3 Ra8 37. Nb5 Rf7 38. Kg2 Bg5 39. Rd3 h5 40. Rc3 Raf8 41. Rcc2 h4 42. Re4 hxg3 43. fxg3 Re8 44. Rg4 Bd8 45. Rxg6+ Rg7 46. Rxg7+ Kxg7 47. Re2 e4 48. Re3 Bg5 49. Re2 Re7 50. Nd4 Bf6 51. Nf5+ Kf7 52. Nxe7 Kxe7 53. Rxe4+ Kf7 54. Re2 Kg7 55. Kf3 Kg6 56. Kg4 Kh6 57. Kf5 Kg7 58. g4 Bd8 59. Ke6 Bf6 60. Kd7 1-0

[Event "Asuncion Estandar op"]
[Site "Asuncion"]
[Date "2019.01.19"]
[Round "4"]
[White "Roche Escobar, Mara"]
[Black "Franco Servian, Monica"]
[Result "0-1"]
[WhiteElo "1155"]
[BlackElo "1052"]
[PlyCount "86"]
[EventDate "2019.01.18"]
[EventType "swiss"]
[EventRounds "7"]
[EventCountry "PAR"]
[SourceTitle "CBM 188 Extra"]
[Source "ChessBase"]
[SourceDate "2019.02.26"]
[SourceVersion "1"]
[SourceVersionDate "2019.02.26"]
[SourceQuality "1"]

1. d4 Nf6 2. Bf4 g6 3. Nf3 Bg7 4. c4 d5 5. e3 c5 6. Nc3 Nh5 7. Bg3 dxc4 8. Bxc4 Qb6 9. b3 Be6 10. Bxe6 Qxe6 11. Nb5 Na6 12. Be5 Qb6 13. Bxg7 Qa5+ 14. Nd2 Nxg7 15. Qe2 Ne6 16. 0-0 Nb4 17. Ne4 b6 18. Nbc3 Rd8 19. dxc5 Nxc5 20. Nxc5 Qxc5 21. Qb5+ Qxb5 22. Nxb5 Rd2 23. Nxa7 Rxa2 24. Rxa2 Nxa2 25. Ra1 Nc3 26. Nc6 Kd7 27. Ne5+ Ke6 28. Nc6 Rc8 29. Nd4+ Kd5 30. Rc1 e5 31. Kf1 exd4 32. exd4 Kxd4 33. Ke1 Re8+ 34. Kf1 Kd3 35. Re1 Ne4 36. f3 Nd2+ 37. Kf2 Rxe1 38. Kxe1 Nxb3 39. Kd1 b5 40. g4 b4 41. h4 Nd2 42. f4 b3 43. Kc1 Kc3 0-1

[Event "Asuncion Estandar op"]
[Site "Asuncion"]
[Date "2019.01.19"]
[Round "2"]
[White "Saldana, Fernando Javier"]
[Black "Roche Escobar, Mara"]
[Result "1-0"]
[WhiteElo "1706"]
[BlackElo "1155"]
[PlyCount "97"]
[EventDate "2019.01.18"]
[EventType "swiss"]
[EventRounds "7"]
[EventCountry "PAR"]
[SourceTitle "CBM 188 Extra"]
[Source "ChessBase"]
[SourceDate "2019.02.26"]
[SourceVersion "1"]
[SourceVersionDate "2019.02.26"]
[SourceQuality "1"]

1. d4 Nf6 2. Nf3 d6 3. c4 g6 4. Nc3 Bg7 5. g3 Nbd7 6. Bg2 b6 7. 0-0 0-0 8. e4 e5 9. d5 a5 10. Re1 Ba6 11. b3 Nc5 12. Qc2 Bc8 13. Bd2 Nh5 14. Nh4 f5 15. exf5 gxf5 16. Bf3 Qe8 17. Qd1 Nf6 18. Qc2 e4 19. Be2 c6 20. Rad1 cxd5 21. Nxd5 Nxd5 22. cxd5 Ba6 23. Bf4 Bxe2 24. Rxe2 Be5 25. Ng2 Bxf4 26. Nxf4 Qf7 27. Re3 Rac8 28. Rc3 Qe8 29. Rc1 Qe7 30. a3 Qd7 31. b4 axb4 32. axb4 Qg7 33. bxc5 bxc5 34. Ne6 Qg4 35. Nxf8 Rxf8 36. Qd1 Qxd1+ 37. Rxd1 Rf6 38. Rb1 Rg6 39. Rb7 Rg7 40. Rxg7+ Kxg7 41. f3 Kf6 42. Rc1 Ke5 43. Rd1 c4 44. Kf2 c3 45. f4+ Kf6 46. Rc1 Kg6 47. Rxc3 Kf7 48. Rc7+ Kg6 49. Rd7 1-0

[Event "PAR-ch U18"]
[Site "Asuncion"]
[Date "2018.03.11"]
[Round "5.11"]
[White "Garcia, Alejandro1111"]
[Black "Roche Escobar, Mara"]
[Result "1-0"]
[WhiteElo "1218"]
[BlackElo "1232"]
[PlyCount "57"]
[EventDate "2018.03.09"]
[EventType "swiss"]
[EventRounds "7"]
[EventCountry "PAR"]
[SourceTitle "EXT 2023"]
[Source "ChessBase"]
[SourceDate "2022.10.05"]
[SourceVersion "1"]
[SourceVersionDate "2022.10.05"]
[SourceQuality "1"]

1. Nf3 d5 2. g3 Bg4 3. Bg2 Nf6 4. 0-0 e6 5. c4 c6 6. cxd5 cxd5 7. d3 Bc5 8. Bg5 Nc6 9. Nc3 h6 10. Bd2 Bh5 11. Qa4 0-0 12. Rac1 Nd4 13. Nxd4 Re8 14. Nf3 Qb6 15. Qb5 Qc7 16. Na4 b6 17. Nxc5 bxc5 18. Qxc5 Qxc5 19. Rxc5 e5 20. Re1 Rab8 21. b3 e4 22. dxe4 dxe4 23. Nh4 Rbd8 24. Bc3 Nd5 25. Ba5 Rd6 26. Nf5 Rd7 27. Bh3 Kh8 28. Nxg7 Kxg7 29. Bxd7 1-0